| 000 | 00391nam a22001697a 4500 | ||
|---|---|---|---|
| 005 | 20200225165901.0 | ||
| 008 | 200225b xxu||||| |||| 00| 0 eng d | ||
| 020 | _a978-81-239-2473-1 | ||
| 041 | _aeng | ||
| 100 |
_aSAIF, S.R. _95148 |
||
| 245 | _aPHARMACOLOGY REVIEW | ||
| 250 | _a2nd Ed.2015 | ||
| 260 |
_aNEW DELHI _bCBS |
||
| 300 | _a832 p, | ||
| 650 |
_aPHARMACY _95149 |
||
| 942 | _cBK | ||
| 999 |
_c6049 _d6047 |
||